| 000 | 00561nam a22002057a 4500 | ||
|---|---|---|---|
| 003 | OSt | ||
| 005 | 20140310182351.0 | ||
| 008 | 130930t xxu||||| |||| 00| 0 eng d | ||
| 020 | _a0830643524 | ||
| 050 |
_aQ 164 _b.St75 1994 |
||
| 082 |
_aGS 502.8 _bS1 1994 |
||
| 100 |
_aStangl, Jean _922157 |
||
| 245 |
_aScience toolbox / _cJean Stangl. |
||
| 260 |
_alue Ridge Summit,PA : _bTab Books, _c1994. |
||
| 300 |
_a138 p. : _bill. ; _c23 cm. |
||
| 500 | _aIncludes index. | ||
| 650 |
_aScience _xTools. _922158 |
||
| 942 |
_2lcc _cBK-GS |
||
| 999 |
_c12354 _d12354 |
||